[Event "UKR-chT"]
[Site "Chornomorsk"]
[Date "2019.05.24"]
[Round "5.1"]
[White "Pampukha, Olexandra"]
[Black "Maly, Alexey"]
[Result "0-1"]
[WhiteElo "1794"]
[BlackElo "2349"]
[PlyCount "42"]
[EventDate "2019.05.20"]
[EventType "team-tourn"]
[EventRounds "9"]
[EventCountry "UKR"]
[SourceTitle "CBM 190 Extra"]
[Source "ChessBase"]
[SourceDate "2019.07.15"]
[SourceVersion "1"]
[SourceVersionDate "2019.07.15"]
[SourceQuality "1"]
[WhiteTeam "Zhytomyr Intelekt"]
[BlackTeam "Kharkov Law Academy"]
[WhiteTeamCountry "UKR"]
[BlackTeamCountry "UKR"]

1. e4 c6 2. d3 d5 3. Nd2 e5 4. Ngf3 Bd6 5. d4 exd4 6. exd5 Nf6 7. dxc6 Nxc6 8. Be2 0-0 9. 0-0 Bf5 10. Nb3 Qc7 11. Bg5 Ne4 12. Bh4 Rfe8 13. Nbxd4 Nxd4 14. Qxd4 g5 15. Bb5 Red8 16. Qe3 gxh4 17. Nxh4 Bxh2+ 18. Kh1 Bf4 19. Qe2 Rd2 20. Qe1 Qe5 21. Bd3 Re8 0-1

[Event "Lvov Winter Cup"]
[Site "Lvov"]
[Date "2016.02.07"]
[Round "7"]
[White "Pampukha, Olexandra"]
[Black "Mosesov, Danylo"]
[Result "0-1"]
[WhiteElo "1286"]
[BlackElo "1504"]
[PlyCount "120"]
[EventDate "2016.02.05"]
[EventType "swiss"]
[EventRounds "7"]
[EventCountry "UKR"]
[SourceTitle "EXT 2017"]
[Source "ChessBase"]
[SourceDate "2016.10.25"]
[SourceVersion "1"]
[SourceVersionDate "2016.10.25"]
[SourceQuality "1"]

1. e4 d6 2. d4 Nf6 3. Nc3 g6 4. f4 Bg7 5. Nf3 0-0 6. Be3 Bg4 7. h3 Bxf3 8. gxf3 Nh5 9. Rg1 Nd7 10. f5 Re8 11. fxg6 hxg6 12. Bc4 Nf8 13. Qd2 c6 14. Bh6 e5 15. Bxg7 Qh4+ 16. Kd1 Kxg7 17. Ne2 Qf2 18. Qg5 Nh7 19. Qg2 Qxg2 20. Rxg2 Rad8 21. c3 d5 22. exd5 cxd5 23. Bb5 Re6 24. Kc2 a6 25. Ba4 b5 26. Bb3 N7f6 27. Rag1 Kf8 28. Rd1 e4 29. fxe4 Rxe4 30. Ng3 Rh4 31. Nxh5 Nxh5 32. Rh1 Nf4 33. Rg4 Rxg4 34. hxg4 Ke7 35. a4 Kf6 36. Kd2 Re8 37. Bd1 bxa4 38. Bf3 Rb8 39. Kc2 Rc8 40. Ra1 Rc4 41. Rf1 Kg5 42. Re1 Kh4 43. Re7 Kg3 44. Bd1 f6 45. Rf7 Rc6 46. Kd2 Rb6 47. Kc2 Re6 48. Kd2 Kf2 49. Bxa4 Kg3 50. Bd1 Ng2 51. Rg7 g5 52. Ba4 Rb6 53. b3 Kxg4 54. Bd7+ f5 55. Kc2 Ne3+ 56. Kb2 Kf4 57. Bc8 g4 58. b4 g3 59. Kb3 g2 60. Bxa6 Ng4 0-1

[Event "Lvov Winter Cup"]
[Site "Lvov"]
[Date "2016.02.06"]
[Round "5"]
[White "Pampukha, Olexandra"]
[Black "Ustianovich, Nazar"]
[Result "0-1"]
[WhiteElo "1286"]
[BlackElo "2332"]
[PlyCount "46"]
[EventDate "2016.02.05"]
[EventType "swiss"]
[EventRounds "7"]
[EventCountry "UKR"]
[SourceTitle "EXT 2017"]
[Source "ChessBase"]
[SourceDate "2016.10.25"]
[SourceVersion "1"]
[SourceVersionDate "2016.10.25"]
[SourceQuality "1"]

1. e4 e5 2. Nf3 Nc6 3. Bc4 Nf6 4. d3 Be7 5. c3 0-0 6. Bb3 d5 7. Nbd2 d4 8. Nf1 Nd7 9. Ng3 Nc5 10. Bc2 a5 11. h4 Bg4 12. Bg5 Bxf3 13. Qxf3 Bxg5 14. hxg5 Qxg5 15. Nf5 g6 16. Qh3 h5 17. Ng3 Rad8 18. c4 Nb4 19. Bd1 Nbxd3+ 20. Kf1 Nxf2 21. Kxf2 Nd3+ 22. Kf1 Qf4+ 23. Bf3 Qe3 0-1